Sports Quiz

Random Sports or WWE Quiz

WWE European Champions Quiz Stats

 Plays Quiz Updated May 20, 2019

Score 0/36 Timer 07:00
21 Plays Today
Year Champion % Correct
1997Triple H
92.1%
1998Triple H
92.1%
1997Shawn Michaels
81.7%
1997British Bulldog
79.6%
1999British Bulldog
79.6%
2000Chris Jericho
76.6%
1998Owen Hart
76.3%
2000Kurt Angle
73.8%
2002Jeff Hardy
72.8%
1998X-Pac
72.8%
1998X-Pac
72.8%
2001Christian
72.4%
1998D-Lo Brown
72.1%
1999D-Lo Brown
72.1%
1999D-Lo Brown
72.1%
2001Matt Hardy
71.8%
2000William Regal
70.4%
2000William Regal
70.4%
Year Champion % Correct
2002William Regal
70.4%
2002William Regal
70.4%
1998D-Lo Brown
70.3%
2000Eddie Guerrero
68.4%
2001Eddie Guerrero
68.4%
1999Shane McMahon
62.7%
2001Test
62.7%
1999Mark Henry
57.8%
1999Jeff Jarrett
56.7%
1999Val Venis
54.2%
2000Perry Saturn
50.2%
2000Crash Holly
48.2%
2000Al Snow
48%
2001Bradshaw
47.8%
2002Spike Dudley
46.8%
1999Mideon
42.8%
2002Diamond Dallas Page
42.5%
2001The Hurricane
32.7%

You're not logged in!

Compare scores with friends on all Sporcle quizzes.
OR
Log In

Sporcle TV

Today on Sporcle TV


Watch our educational content, quiz creation guides, and fun videos on Sporcle TV.

Show Comments

Extras

Top Quizzes Today


Score Distribution

Your Account Isn't Verified!

In order to create a playlist on Sporcle, you need to verify the email address you used during registration. Go to your Sporcle Settings to finish the process.

Report this User

Report this user for behavior that violates our Community Guidelines.

Details: